LEADER 00926cam0 22002411 450 001 SOBE00038077 005 20131202084838.0 100 $a20131129d1939 |||||ita|0103 ba 101 $aita 102 $aIT 200 1 $aSaggi con una noterella$ePoliziano, Parini, Alfieri, Foscolo, Carducci, Severino, Serra, Soffici, De Lollis$fGiuseppe De Robertis 210 $aFirenze$cLe Monnier$d1939 215 $a207 p.$d19 cm 700 1$aDe Robertis$b, Giuseppe$3AF00014705$4070$0151750 801 0$aIT$bUNISOB$c20131202$gRICA 850 $aUNISOB 852 $aUNISOB$j3|A$m12122|ort 912 $aSOBE00038077 940 $aM 102 Monografia moderna SBN 941 $aM 957 $xFondo|Ortolani$a3|A$b041$fModalità di consultazione sulla home page della Biblioteca link Fondi$gNO$d12122|ort$hOrtolaniS$rdono$1calvano123$2UNISOB$3UNISOB$420131129093653.0$520131129093738.0$6calvano123 996 $aSaggi$9131165 997 $aUNISOB LEADER 01808nam 2200361Ia 450 001 996392551903316 005 20200824132918.0 035 $a(CKB)1000000000683909 035 $a(EEBO)2248574859 035 $a(OCoLC)ocm43663253e 035 $a(OCoLC)43663253 035 $a(EXLCZ)991000000000683909 100 $a20000319d1656 uy 0 101 0 $aeng 135 $aurbn||||a|bb| 200 14$aThe English school-master$b[electronic resource] $eteaching all his scholars, of what age soever, the most easie, short, and perfect order of distinct reading, and true writing our English-tongue, that hath ever yet been known, or published by any. And furth[er] also, teacheth a direct Course, how any unskilful person may easily both understand any hard English words, which they shall in Scripture, sermons, or else-where hear or read: and also made able to use the same aptly themselves ... /$fDevised for thy sake that wantest any part of this skill, by Edward Coote, master of the free-school in St. Edmonds Bury 205 $aPerused and approved by publick Authority, and now the 29. time imprinted,$bwith certain Copies to write by, at the end of this Book. 210 $aLondon, $cPrinted for the Company of Stationers$d1656 215 $a[8], 87 p 300 $aImperfect: faded, cropped, and with print show-through, and slight loss of text. 300 $aReproduction of original in: British Library. 330 $aeebo-0018 606 $aReaders (Primary) 606 $aEnglish language$yEarly modern, 1500-1700 615 0$aReaders (Primary) 615 0$aEnglish language 700 $aCoote$b Edmund$ffl. 1597.$01012997 801 0$bEAE 801 1$bEAE 906 $aBOOK 912 $a996392551903316 996 $aThe English school-master$92354066 997 $aUNISA